000 02031cam a22005414i 4500
003 PE-LiUPU
005 20250731180107.0
008 170609s2015 mx r 000 0 spa d
020 _a9786077440956
020 _a6077440957
035 _a(Sirsi) a204331
040 _aPE-LiUPU
_bspa
_cPE-LiUPU
_erda
082 0 4 _a519.5
_bS24
_223
100 1 _aSánchez Sánchez, Ernesto Alonso,
_eautor.
245 1 0 _aProbabilidad y estadística 1 /
_cErnesto Alonso Sánchez Sánchez, Santiago Inzunza Cazares, Roberto Ávila Antuna.
264 1 _aMéxico :
_bAlafi,
_c2015.
300 _a165 páginas :
_bilustraciones ;
_c27 centímetros
336 _atext
_2rdacontent
337 _aunmediated
_2rdamedia
338 _avolume
_2rdacarrier
504 _aBibliografía : página 165.
505 0 _aComprende y describres la variabilidad estadística y sus aplicaciones -- Describes y representas datos de forma tabular y gráfica -- Aplicas la estadística descriptiva -- Analizas la teoría de conjuntos y sus aplicaciones.
526 _aSEG44
526 _aSEG26
526 _aP159
526 _aP155
526 _aP154
526 _aP153
526 _aP150
526 _aP100
526 _aP31
526 _aP30
526 _aP26
526 _aP25
526 _aP24
526 _aP22
526 _aP15
526 _aP10
650 0 4 _aProbabilidad.
650 0 4 _aEstadística.
700 1 _aInzunza Cazares, Santiago,
_e autor.
700 1 _aÁvila Antuna, Roberto,
_e autor.
596 _a1
942 _2ddc
_cBOOK
999 _a519.5 S24
_wDEWEY
_c20698
_i76134
_f2021-11-5
_g4
_lCCODEBUL1
_mBUL
_p9.79
_r0
_sY
_tBOOK
_u2017-6-9
_xFCE
_PP04
_0COMPRA
_o.STAFF. Colección Ciencias Empresariales
_d20698
999 _a519.5 S24
_wDEWEY
_c2
_i76135
_f2021-11-5
_g4
_lCCODEBUL1
_mBUL
_p9.79
_r0
_sY
_tBOOK
_u2017-6-9
_xFCE
_PP04
_0COMPRA
_o.STAFF. Colección Ciencias Empresariales
980 _81
_gALBERTO SANCHEZ Responsable de Automatización